Jurisprudencia por contradicción de tesis : 1998 /

Obra que compila la jurisprudencia (criterios obligatorios de interpretación para aplicarlo a casos concretos) en los casos contradictorios sustentados en las salas de la Suprema Corte de Justicia y de los Tribunales Colegiados de Circuito en 1998.

Guardado en:
Bibliografiske detaljer
Format: Bog
Sprog:spansk
Udgivet: México : Suprema Corte de Justicia de la Nación, 1999, c1999
Serier:(Semanario Judicial de la Federación. Novena Epoca)
Fag:
Tags: Tilføj Tag
Ingen Tags, Vær først til at tagge denne postø!

MARC

LEADER 00000nam^a2200000^a^4500
001 000102998
005 20250521000000.0
009 20260310093333.767
037 |a Acervo ITESO - Biblioteca 
041 |a ESP 
082 |a 348. 72  |b SEM S. 9-j V. 4 1998 
240 1 1 |a [Jurisprudencia por contradicción de tesis] 
240 1 1 |a [Semanario Judicial de la Federación] 
245 1 0 |a Jurisprudencia por contradicción de tesis :  |b 1998 / 
264 4 |a México :  |b Suprema Corte de Justicia de la Nación,  |c 1999, c1999 
300 |a 5 v. 
336 |a texto  |b txt  |2 rdacontenido 
337 |a sin mediación  |b n  |2 rdamedio 
338 |a volumen  |b nc  |2 rdasoporte 
440 1 |a (Semanario Judicial de la Federación.  |p Novena Epoca) 
520 |a Obra que compila la jurisprudencia (criterios obligatorios de interpretación para aplicarlo a casos concretos) en los casos contradictorios sustentados en las salas de la Suprema Corte de Justicia y de los Tribunales Colegiados de Circuito en 1998. 
649 |a XX 
650 |a Contradicción de Tesis (Derecho) -  |z México 
650 |a Jurisprudencia -  |z México 
650 |a Suprema Corte de Justicia de la Nación -  |z México 
650 |a Derecho Público -  |z México 
910 |a Fondo General 
920 |a Impresos - Libros 
930 |a Colección General 
905 |a 101 
901 |a 0500036959  |b IT1  |c ACC  |u 20250521 
901 |a 0500036956  |b IT1  |c ACC  |u 20250521 
901 |a 0500036953  |b IT1  |c ACC  |u 20250521 
901 |a 0500036964  |b IT1  |c ACC  |u 20250521 
901 |a 0500036961  |b IT1  |c ACC  |u 20250521 
902 |a https://opac.biblio.iteso.mx/vufind/Record/000102998